000 00825nam a2200265Ia 4500
005 20250425161813.0
008 250425s9999 xx 000 0 und d
020 _a961208
041 _aspa
043 _aec
082 _a361.61
100 _aCORONEL, CESAR
245 0 _aPOLITICAS SOCIALES Y POBREZA
250 _a1A ED.
260 _aEcuador
_bCORDES
_c1994
260 _aQUITO
300 _a226
520 _aANALIZA EN NSU COMPLEJIDAD EL PROBLEMA DE LAS INEQUIDADES SOCIALES LATINOAMERICANOS ASICOMO LAS POLITICAS NECESARIAS PARA ENFRENTARLA. ESTABLECE LA IMPORTANCIA DE UNA POLITICAECONOMICA SANA, SU INSUFICIENCIA Y LA NECESIDAD DE LOS PROGRAMAS SOCIALES
650 _aPOBREZA
650 _aPOLITICA ECONOMICA
650 _aPOLITICA SOCIAL
710 _aCORDES
942 _c01
010 _a30324
999 _c216447
_d216447